Kpop Alphabet song hard - Statistics

General Stats
  • This quiz has been taken 32 times
  • The average score is 4 of 26
Answer Stats
Letter Group Answer % Correct
C Enhypen Chaconne
37%
D The boyz DDD
37%
B Yuqi Bonnie and clyde
33%
N Wayv Nectar
30%
X Xg X-gene
26%
K Tri.be Kiss
22%
M CLC Me
22%
P Nct 127 Punch
22%
A Stray kids Astronaut
19%
W Txt We lost the summer
19%
F Xdinary heroes Freddy
15%
G ACE Goblin
15%
H Ab6ix Hollywood
15%
Z Stray kids Zone
15%
I P1harmony If you call me
11%
L Nct dream Life is still going on
11%
O Xikers Oh my gosh
11%
Q History Queen
11%
E Shinee Excuse me miss
7%
R Pentagon Runaway
7%
Y Bts Your eyes tell
7%
S Enhypen Scream
4%
T Txt Trust fund baby
4%
U Victon Unpredictable
4%
V Pentagon Violet
4%
J Mamamoo Just believe in love
0%
No matching quizzes found
Score Distribution
Percent of People with Each Score
Percentile by Number Answered
Your Score History
You have not taken this quiz